<?xml version="1.0" encoding="UTF-8"?>
<record
    xmlns:xsi="http://www.w3.org/2001/XMLSchema-instance"
    xsi:schemaLocation="http://www.loc.gov/MARC21/slim http://www.loc.gov/standards/marcxml/schema/MARC21slim.xsd"
    xmlns="http://www.loc.gov/MARC21/slim">

  <leader>00789 ga a2200217   4500</leader>
  <controlfield tag="005">20180803170228.0</controlfield>
  <controlfield tag="008">160303b2015    ck 11 |f |||| q0| vlspa d</controlfield>
  <datafield tag="040" ind1=" " ind2=" ">
    <subfield code="a">CO-BoIAVH</subfield>
    <subfield code="c">CO-BoIAVH</subfield>
  </datafield>
  <datafield tag="041" ind1="0" ind2=" ">
    <subfield code="a">spa</subfield>
  </datafield>
  <datafield tag="245" ind1="0" ind2="0">
    <subfield code="a">Corales profundos:</subfield>
    <subfield code="b">un mundo por descubrir</subfield>
  </datafield>
  <datafield tag="257" ind1=" " ind2=" ">
    <subfield code="a">Colombia</subfield>
  </datafield>
  <datafield tag="264" ind1=" " ind2=" ">
    <subfield code="a">Santa Marta :</subfield>
    <subfield code="b">Invemar :</subfield>
    <subfield code="b">Parques Nacionales Naturales,</subfield>
    <subfield code="c">2015.</subfield>
  </datafield>
  <datafield tag="300" ind1=" " ind2=" ">
    <subfield code="a">11:25 minutos</subfield>
  </datafield>
  <datafield tag="346" ind1=" " ind2=" ">
    <subfield code="a">MOV</subfield>
  </datafield>
  <datafield tag="650" ind1=" " ind2="6">
    <subfield code="a">Corales</subfield>
    <subfield code="v">videos</subfield>
    <subfield code="z">Colombia</subfield>
    <subfield code="9">63516</subfield>
  </datafield>
  <datafield tag="650" ind1=" " ind2="6">
    <subfield code="a">Corales</subfield>
    <subfield code="z">Colombia</subfield>
    <subfield code="9">63517</subfield>
  </datafield>
  <datafield tag="710" ind1="2" ind2=" ">
    <subfield code="a">Invemar</subfield>
    <subfield code="9">3132</subfield>
  </datafield>
  <datafield tag="710" ind1="2" ind2=" ">
    <subfield code="a">Parques Nacionales Naturales de Colombia</subfield>
    <subfield code="9">100794</subfield>
  </datafield>
  <datafield tag="773" ind1="0" ind2=" ">
    <subfield code="d">Santa Marta (Colombia) : Invemar : Parques Nacionales Naturales, 2015.</subfield>
    <subfield code="z">9789588935102 (digital)</subfield>
    <subfield code="t">Parque Nacional Natural Corales de Profundidad : </subfield>
    <subfield code="o">039848</subfield>
  </datafield>
  <datafield tag="942" ind1=" " ind2=" ">
    <subfield code="2">z</subfield>
    <subfield code="c">CD-ROM</subfield>
  </datafield>
  <datafield tag="999" ind1=" " ind2=" ">
    <subfield code="c">18193</subfield>
    <subfield code="d">18193</subfield>
  </datafield>
</record>
